German to English Capital City Names - Statistics

General Stats
  • This quiz has been taken 42 times
  • The average score is 13 of 18
Answer Stats
German English % Correct
Kairo Cairo
100%
Kopenhagen Copenhagen
97%
Prag Prague
97%
Brüssel Brussels
89%
Lissabon Lisbon
89%
Moskau Moscow
89%
Wien Vienna
89%
Warschau Warsaw
89%
Peking Beijing
82%
Taipeh Taipei
82%
Riad Riyadh
71%
Wilna Vilnius
71%
Kapstadt Cape Town
61%
Jaunde Yaounde
50%
Erewan Yerevan
50%
Tiflis Tbilisi
45%
Laibach Ljubljana
37%
Pressburg Bratislava
29%
No matching quizzes found
Score Distribution
Percent of People with Each Score
Percentile by Number Answered
Your Score History
You have not taken this quiz